00839nam a2200253 a 450000100100000000500170001000800410002702000150006804000250008308200260010810000390013424500540017325000110022726000370023830000250027549000350030050000570033550100360039256300610042865000210048965000230051074000180053383000340055100004105520240306164224.0130916s1982 sp 000 j spa d a8432204315 aDO-SdBNPbspacBNPHU aPe863.44bV297L, 19821 aVargas Llosa, Mario,d1936-b1936-10aLos jefes ;blos cachorros /cMario Vargas Llosa. a5a ed. aBarcelona :bSeix Barral,c1982. axi, 151 p. ;c20 cm.1 aBiblioteca breve;anovelav456 aIncluye datos biográficos del autor en las solapas aEncuadernado con: Los cachorros aDos obras encuadernadas juntas con paginación continua 4aCuentos peruanos 4aLiteratura peruana32aLos cachorros 0aBiblioteca brevepnovelan456